000 00872cam a2200265 a 4500
001 15291693
003 OSt
005 20230602140817.0
008 080507s2007 xxua 000 0 eng
010 _a 2008273621
020 _a9781599700007
040 _aDLC
_cDLC
_dDLC
050 0 0 _aBJ1581.2
_b.H725 1989
082 0 0 _a299/.936
_222
100 1 _aHubbard, L. Ron
_q(La Fayette Ron),
_d1911-1986.
245 1 4 _aThe way to happiness /
_c[L. Ron Hubbard].
250 _a[Rev. ed.].
260 _a[United States?] :
_bWay to Happiness Foundation,
_cc2007.
300 _a248 p. :
_bill. ;
_c25 cm.
650 0 _aConduct of life.
650 0 _aHappiness.
906 _a7
_bcbc
_corigcop
_d2
_encip
_f20
_gy-gencatlg
942 _2ddc
_cBK
999 _c163
_d163